000 00509nam a2200193Ia 4500
003 GCL
008 140319s9999 xx 000 0 ara d
040 _aGCL /
_cGCL
082 0 4 _aط
_b636
_bد ق
100 1 _aدار المعارف
245 1 0 _aقطط وكلاب /
_cدار المعارف
300 _a13 ص
490 _aمكتبتى المصورة
_v0
650 0 4 _aالاطفال
650 0 4 _aالقطط
650 0 4 _aالكلاب
650 0 4 _aالحيوانات - تربية
942 _2ddc
_cBK
999 _c51474
_d51474